La Conduite de Projet : (Record no. 50037)

MARC details
000 -LEADER
fixed length control field 00600nam a22001817a 4500
005 - DATE AND TIME OF LATEST TRANSACTION
control field 20160609171016.0
008 - FIXED-LENGTH DATA ELEMENTS--GENERAL INFORMATION
fixed length control field 120406t xxu||||| |||| 00| 0 eng d
040 ## - SOURCE DU CATALOGAGE
Original cataloging agency BUC
Language of cataloging Fre.
Transcribing agency BUC
041 ## - CODE DE LANGUE
Language code of text/sound track or separate title Fre.
100 ## - VEDETTE PRINCIPALE - NOM DE PERSONNE
Personal name Provost, Henry
9 (RLIN) 20664
245 ## - TITLE STATEMENT
Title La Conduite de Projet :
Remainder of title de la conception à l'exploitation des réalisations industrielles
Statement of responsibility, etc /Henry Provost
260 ## - PUBLICATION, DISTRIBUTION, ETC. (IMPRINT)
Place of publication, distribution, etc Paris
Name of publisher, distributor, etc Ed. Technip
Date of publication, distribution, etc 1994
300 ## - PHYSICAL DESCRIPTION
Extent 313p.
Dimensions 24 cm
504 ## - BIBLIOGRAPHY, ETC. NOTE
Bibliography, etc Glossaires : p. 259 - 280. ; Annexes : p. 281 - 313
630 ## - SUBJECT ADDED ENTRY--UNIFORM TITLE
Uniform title SCIENCES APPLIQUEES
9 (RLIN) 20665
650 ## - SUBJECT ADDED ENTRY--TOPICAL TERM
9 (RLIN) 20666
Topical term or geographic name as entry element Industrie : gestion
942 ## - ADDED ENTRY ELEMENTS (KOHA)
Koha item type Livre
Holdings
Withdrawn status Lost status Damaged status Not for loan Location (home branch) Sublocation or collection (holding branch) Date acquired Source of acquisition Koha issues (times borrowed) Koha full call number Piece designation (barcode) Koha date last seen Copy number Price effective from Koha item type
        Bibliothèque Universitaire Centrale Bibliothèque Universitaire Centrale   L P   658 PRO L14779Buc 06/04/2012 1 06/04/2012 Livre


© 2008, Bibliothèques de l'Université d'Abomey-Calavi

04 BP 789 Cotonou, Tél. : +229 21 36 01 01, Fax : +229 21 35 06 32

Courriel : bu@bu.uac.bj